000 00653nam a2200217Ia 4500
003 OSt
005 20220926012128.0
006 a|||||r|||| 00| 0
007 ta
008 220923b |||||||| |||| 00| 0 eng d
037 _cGeneral Book
040 _aRTL
_cRTL
_beng
041 _2eng
_aeng
082 _aX:77.11(X).N7, M2/SC
100 _aLITTLE Ian M. D.
_9315555
245 0 _aEconomic development
_b theory, policy, and international relations.
260 _aNew York
_bBasic Books Inc.
_c1982
300 _axi,452p.
_ccm.
942 _hX:77.11(X).N7, M2/SC
_cGB
_2CC
999 _c621789
_d621789